L'Autriche de A à Z - Statistiques

Statistiques générales
  • Ce quiz a été pris 70 fois
  • Le résultat moyen est 18 sur 26
Statistiques - réponses
Lettre Indice Réponse % Correct
A Langue officielle Allemand
98%
M Nom du compositeur considéré comme l'un des plus grands compositeurs de l'histoire Mozart
98%
D Plus long fleuve qui y coule Danube
97%
F Nom du père de la psychanalyse Freud
97%
V Capitale de l'Autriche Vienne
94%
N En 1938, le pays est annexé par l'Allemagne _____ Nazie
87%
W Prénom du célèbre compositeur autrichien évoqué en lettre M Wolfgang
87%
B Boisson emblématique en Autriche Bière
86%
E Fleur de montagne nationale blanche Edelweiss
84%
O Autriche, dans cette langue Österreich
84%
X L'Autriche est établie au _e siècle X
84%
I Ville-hôte des J.O. d'hiver de 1964 et 1976 Innsbruck
81%
H Dynastie impériale qui a dominé l’Europe centrale Habsbourg
75%
Y Chant traditionnel alpin, pratiqué aussi dans certaines régions autrichiennes du Tyrol et de Salzbourg Yodel
75%
G Deuxième plus grande ville du Pays Graz
70%
T Région alpine emblématique, paradis des sports d’hiver Tyrol
70%
Q Nombre d'états européen qui cessent toute rencontre bilatérale avec le gouvernement autrichien pendant sept mois après l'entrée au gouvernement du Parti de la liberté d'Autriche (FPÖ) en 2000 Quatorze
68%
R Actrice de Sissi, née à Vienne Romy Schneider
63%
S Pâtisserie souvent fourrée aux pommes Strudel
63%
L Troisième plus grande ville autrichienne, membre du Réseau des villes créatives de l'UNESCO Linz
62%
P Sa forme d'Etat est une République Fédérale à régime __________ Parlementaire
59%
U Lieu d'études situé à Vienne, la plus ancienne du monde germanophone. (1365) Université
57%
J Deuxième du nom, c'est un empereur réformateur de 1765 à 1790, fils de Marie-Thérèse Joseph II
43%
C Chambre Haute du gouvernement : ______ Fédéral Conseil
33%
K Capitale du Land de Carinthie, sur la rivière Glan Klagenfurt
24%
Z Station touristique alpine très prisée : ____ am See Zell
8%
Aucun quiz correspondant
Distribution des résultats
% des personnes avec chaque résultat
Percentile par nombre de réponses
Votre historique - résultats
Vous n’avez pas pris ce quiz